000 00834nam a2200265Ia 4500
003 OSt
005 20221005091338.0
006 a|||||r|||| 00| 0
007 ta
008 221004b |||||||| |||| 00| 0 eng d
020 _a9780230304819 (pbk)
_c1836.38
024 _a2956
037 _b36971, 05/03/2013, Segment Book Distributors
_cTextual
040 _aCRL
_cCRL
_beng
041 _2eng
_aeng
082 _aB280bP, Q3
100 _aLowie Wander
_929124
245 0 _aEssential statistics for applied linguistics
260 _aNew York
_bPalgrave Macmillan U.S.A
_c2013
300 _axiv, 157p.
_ccm.
650 _aMATHEMATICS
700 _a Seton Bregtje
_929125
942 _hB280bP, Q3
_cTEXL
_2cc
999 _c997150
_d997150